Méditations Chrétiennes. (Registro nro. 320308)
[ vista simple ]
| 000 -ENCABEZADO | |
|---|---|
| Número de control [NR] | 02176nam a2200313 4500 |
| 005 - FECHA Y HORA DE LA ÚLTIMA TRANSACCIÓN | |
| control field | 20220111111040.0 |
| 008 - DE LONGITUD FIJA DE DATOS DE ELEMENTOS - INFORMACIÓN GENERAL | |
| Elementos de longitud fija [NR] | 220111s1928 fr ||||fr|||| 00| 0 fre d |
| 040 0# - FUENTE DE CATALOGACION [NR] | |
| Agencia de catalogación original [NR] | CO-BoUCM |
| Idioma de catalogación [NR] | spa |
| Quien Cataloga | Sandra Yazo |
| Quien Clasifica | Sandra Yazo |
| 041 1# - CODIGO DE IDIOMA [R] | |
| Código de idioma para texto/pista de sonido o título separado [R] | Francés |
| 082 04 - NUMERO DE CLASIFICACION DECIMAL DEWEY [R] | |
| Número de la edición [NR] | 20 |
| Número de clasificación [R] | 248.48 |
| 092 ## - SIGNATURA TOPOGRAFICA LOCAL | |
| Número de clasificación local | E51N063 |
| 100 1# - ASIENTO PRINCIPAL--NOMBRE PERSONAL [NR] | |
| Nombre personal [NR] | Malebranche, Nicolas de, |
| Fechas asociadas con el nombre [NR] | 1638-1715 |
| ID Autoridad | 172826 |
| 242 00 - TRADUCCION DEL TITULO POR LA AGENCIA CATALOGADORA [R] | |
| Título [NR] | Meditaciones Cristianas. |
| Mención de responsabilidad, etc. [NR] | Con introducción y notas de Henri Gouhier |
| Código de idioma del título traducido [NR] | spa |
| 245 10 - MENCION DE TITULO [NR] | |
| Título [NR] | Méditations Chrétiennes. |
| Mención de responsabilidad, etc. [NR] | Malebranche ; Avec une Introduction et des Notes par Henri Gouhier |
| 260 ## - PUBLICACION, DISTRIBUCION, ETC. (PIE DE IMPRENTA) [R] | |
| Lugar de publicación, distribución, etc. [R] | París (Francia) |
| Nombre del editor, distribuidor, etc. [R] | Editions Montaigne ; Imp. F. Van Buggenhoud [Ediciones Montaigne ; Imprenta de F. Van Buggenhoudt] |
| Fecha de publicación, distribución, etc. [R] | 1928 |
| 300 ## - DESCRIPCION FISICA [R] | |
| Extensión [R] | lix, 440 páginas |
| Dimensiones [R] | 18 x 12 cm |
| 490 0# - MENCION DE SERIE [R] | |
| Mención de serie [R] | Collection des textes rares ou inédits [Colección de textos raros o inéditos] |
| 500 ## - NOTA GENERAL [R] | |
| Nota general [NR] | Detalles físicos: Encuadernación rígida (holandesa): cartón forrado en papel con repujados. Lomo de tela. Lomo con adornos en dorado. Guardas. Anteportada. Portada impresa en una sola tinta; grabado con retrato de Montaigne (marca del editor). Texto impreso en una columna, con diferentes tipos y tamaños de letra. Notas de pie de página. Índice. Censuras. Licencias y permisos. Privilegio real. Papel con oxidación en bordes |
| 505 2# - NOTA DE CONTENIDO CON FORMATO PREESTABLECIDO [R] | |
| Nota de contenido con formato preestablecido [NR] | Meditaciones I a XX: La iluminación no nos puede venir de lo corpóreo ; Los ángeles no pueden iluminarnos por ellos mismos ; La verdad habla a los seres humanos de dos maneras ; Las verdades necesarias ; Dios es la única causa verdadera de lo que sucede ; Sabiduría de Dios en su obrar ; Sobre el poder de Dios ; Dios, fundamento de la felicidad plena ; Podemos conocer algo de los designios divinos ; Deberes del hombre para con Dios ; La gracia ; Gracias de luz y de sentimiento |
| 506 ## - NOTA DE RESTRICCIONES DE ACCESO [R] | |
| Condiciones de acceso [NR] | Consulta en sala |
| 650 #7 - ASIENTO SECUNDARIO DE MATERIA - TERMINO TEMATICO [R] | |
| 9 (RLIN) | 191 |
| Término temático o nombre geográfico como elemento de entrada [NR] | Espiritualidad |
| Subdivisión general [R] | Aspectos filosóficos |
| 650 #7 - ASIENTO SECUNDARIO DE MATERIA - TERMINO TEMATICO [R] | |
| 9 (RLIN) | 19257 |
| Término temático o nombre geográfico como elemento de entrada [NR] | Meditaciones |
| 650 #7 - ASIENTO SECUNDARIO DE MATERIA - TERMINO TEMATICO [R] | |
| 9 (RLIN) | 26223 |
| Término temático o nombre geográfico como elemento de entrada [NR] | Vida cristiana |
| 650 #7 - ASIENTO SECUNDARIO DE MATERIA - TERMINO TEMATICO [R] | |
| 9 (RLIN) | 26229 |
| Término temático o nombre geográfico como elemento de entrada [NR] | Vida espiritual |
| 650 #7 - ASIENTO SECUNDARIO DE MATERIA - TERMINO TEMATICO [R] | |
| 9 (RLIN) | 25235 |
| Término temático o nombre geográfico como elemento de entrada [NR] | Teología filosófica |
| Subdivisión cronológica [R] | Siglos XVII - XVIII |
| Subdivisión geográfica [R] | Francia |
| 690 ## - ASUNTO AGREGADO LOCAL DE ENTRADA - TÉRMINO TEMÁTICO (OCLC, RLIN) | |
| Acceso temático local | Teología |
| 9 (RLIN) | 25230 |
| 700 1# - ASIENTO SECUNDARIO - NOMBRE PERSONAL [R] | |
| Nombre personal [NR] | Gouhier, Henri |
| 9 (RLIN) | 172827 |
| 942 ## - ELEMENTOS DE ENTRADA AGREGADOS (KOHA) | |
| Sistema de clasificación | LOCAL |
| Tipo de ítem principal el descrito en 300a | Libro |
| Edición | 1 |
| Clasificación | E51N063 |
| Suprimido | Perdido | Sistema de clasificación | Dañado | No prestable | Tipo de ítem específico | Ubicación habitual | Ubicación actual | Localización | Fecha de creación | Forma de adquisición | Costo | Total préstamos | Signatura topográfica | Código de barras | Última vez visto | Ejemplar | Price effective from | Tipo de ítem |
|---|---|---|---|---|---|---|---|---|---|---|---|---|---|---|---|---|---|---|
| LOCAL | Libro archivo | Archivo Histórico | Archivo Histórico | Archivo histórico | 11/01/2022 | Donación | 0.00 | E51N063 | L010660 | 11/01/2022 | Ej.1 | 11/01/2022 | Libro |